00593nam a22001697a 450000500170000001000130001702000140003003500110004403700130005508200100006810000590007824500820013724600540021926000580027327000690033130000230040020211213124407.0 aUR-11374 c500.00a- aU-9929 bDBAD/PUB a844.8 aمر تبہ: محمد نا صر سعيد ا کر می  aذ کر ا قبا ل cمر تبہ: محمد نا صر سعيد ا کر می  aZikr-e-Iqbal (Urdu)bby Mohd.Nasir Sayeed Akrami  aKarnatak c2021 ءbMahad Imam Hasan Ul Banna Bhatkal aMadina Colony,Amenuddin Road,P.B:13 N.K. bKarnatake581320 l - a544 ص c22 Cm(Hb)